|
|
|
|
| LEADER |
00000nam0a2200000 4500 |
| 001 |
164159 |
| 005 |
20231101222441.0 |
| 010 |
|
|
|a 9785769562211
|
| 035 |
|
|
|a (RuTPU)RU\TPU\book\178107
|
| 090 |
|
|
|a 164159
|
| 100 |
|
|
|a 20090902d2009 m y0rusy50 ca
|
| 101 |
0 |
|
|a rus
|
| 102 |
|
|
|a RU
|
| 105 |
|
|
|a y j 001zy
|
| 200 |
1 |
|
|a Общее языкознание
|e учебник для вузов
|f В. А. Пищальникова, А. Г. Сонин
|
| 210 |
|
|
|a Москва
|c Академия
|d 2009
|
| 215 |
|
|
|a 448 с.
|
| 225 |
1 |
|
|a Высшее профессиональное образование. Языкознание
|
| 320 |
|
|
|a Библиогр.: с. 435-444.
|
| 330 |
|
|
|a Учебник отражает совокупность важнейших теоретических проблем современной лингвистики в их историческом становлении. Авторы представляют базовые понятия и категории общего языкознания, сопоставляют достижения важнейших лингвистических традиций и направлений, исследуют расхождения в позициях разных лингвистических школ. Для студентов лингвистических факультетов вузов; может быть полезен аспирантам и всем интересующимся развитием современного языковедения.
|
| 606 |
1 |
|
|a Языкознание общее
|2 stltpush
|3 (RuTPU)RU\TPU\subj\21808
|9 46743
|
| 610 |
1 |
|
|a структура
|
| 610 |
1 |
|
|a методы
|
| 610 |
1 |
|
|a лингвистика
|
| 610 |
1 |
|
|a лингвистические исследования
|
| 610 |
1 |
|
|a сущность
|
| 610 |
1 |
|
|a язык
|
| 610 |
1 |
|
|a происхождение
|
| 610 |
1 |
|
|a знаковость
|
| 610 |
1 |
|
|a знаковые системы
|
| 610 |
1 |
|
|a текст
|
| 610 |
1 |
|
|a дискурс
|
| 610 |
1 |
|
|a общество
|
| 610 |
1 |
|
|a социолингвистика
|
| 610 |
1 |
|
|a мышление
|
| 610 |
1 |
|
|a языковая картина мира
|
| 610 |
1 |
|
|a прикладная лингвистика
|
| 610 |
1 |
|
|a учебники
|
| 686 |
|
|
|a Ш10я73
|v LBC/SL-A
|2 rubbk
|
| 700 |
|
1 |
|a Пищальникова
|b В. А.
|g Вера Анатольевна
|
| 701 |
|
1 |
|a Сонин
|b А. Г.
|g Александр Геннадьевич
|
| 801 |
|
1 |
|a RU
|b 63413507
|c 20090902
|
| 801 |
|
2 |
|a RU
|b 63413507
|c 20150423
|g RCR
|
| 900 |
|
|
|a Общее языкознание
|
| 942 |
|
|
|c BK
|
| 951 |
|
|
|b 031201
|
| 959 |
|
|
|a 88/20090901
|d 1
|e 390,50
|f ЧЗИЛ:1
|
| 959 |
|
|
|a 20/20100322
|d 1
|e 390,50
|f АНЛ:1
|